Normal view MARC view

Entry Personal Name

Number of records used in: 3

001 - CONTROL NUMBER

  • control field: 18161

003 - CONTROL NUMBER IDENTIFIER

  • control field: dpl

005 - DATE AND TIME OF LATEST TRANSACTION

  • control field: 20100903153744.0

008 - FIXED-LENGTH DATA ELEMENTS

  • fixed length control field: 100903|||a|||||| | ||| d

040 ## - CATALOGING SOURCE

  • Original cataloging agency: dpl
  • Transcribing agency: dpl

100 ## - HEADING--PERSONAL NAME

  • Personal name: सिन्हा, नीलिमा

670 ## - SOURCE DATA FOUND

  • Source citation: Work cat.: (dpl)36634: सिन्हा, नीलिमा, कुल्हाड़ी गीदड़ और... /, 2008

670 ## - SOURCE DATA FOUND

  • Source citation: Work cat.: (dpl)36634: सिन्हा, नीलिमा, कुल्हाड़ी गीदड़ और... /, 2008

© Delhi Public Library
Hit Counter
free hit counter